Statistiques concernant Couches de la Terre et de l'atmosphère

Cliquez ici pour prendre le quiz!

Statistiques générales

  • Ce quiz a été pris 7 388 fois
  • Le résultat moyen est 4 sur 9

Réponses sur la Carte

Les réponses sont colorées sur une échelle allant du rouge au vert en fonction du pourcentage des utilisateurs qui les ont devinées à leur premier essai. Vous pouvez retrouver ces pourcentages ci-dessous.
 

Statistiques - réponses

Couche% Correct
Croûte terrestre
75%
Stratosphère
68%
Manteau terrestre
52%
Noyau externe
34%
Noyau interne
34%
Troposphère
33%
Mésosphère
32%
Exosphère
21%
Thermosphère
17%

Distribution des résultats

Percentile par nombre de réponses

% des personnes avec chaque résultat

Votre développement - résultats

Vous n’avez pas pris ce quiz